[Event "HUN-chT2 Maroczy 1213"]
[Site "Hungary"]
[Date "2013.02.17"]
[Round "7"]
[White "Novak, Barbara"]
[Black "Pacal, Mihaly"]
[Result "0-1"]
[WhiteElo "1738"]
[BlackElo "2145"]
[PlyCount "110"]
[EventDate "2012.09.16"]
[EventType "team-tourn"]
[EventRounds "11"]
[EventCountry "HUN"]
[SourceTitle "EXT 2014"]
[Source "ChessBase"]
[SourceDate "2013.11.20"]
[SourceVersion "1"]
[SourceVersionDate "2013.11.20"]
[SourceQuality "1"]
[WhiteTeam "Oroshaza"]
[BlackTeam "Roeszke"]
[WhiteTeamCountry "HUN"]
[BlackTeamCountry "HUN"]

1. d4 e5 2. dxe5 Nc6 3. Nf3 Qe7 4. e3 Nxe5 5. Be2 Nf6 6. Nc3 g6 7. b3 Bg7 8. Bb2 0-0 9. 0-0 d6 10. h3 Bd7 11. Rb1 a6 12. a4 Rad8 13. Bd3 Nxd3 14. cxd3 Rfe8 15. Re1 b5 16. e4 c6 17. Qc2 Rb8 18. a5 Rbc8 19. b4 Be6 20. Ba3 Nd7 21. d4 Qf6 22. Rbc1 Bh6 23. Rcd1 Bf8 24. e5 dxe5 25. dxe5 Qg7 26. Qb2 Bf5 27. Ne4 Nxe5 28. Nxe5 Rxe5 29. Nf6+ Qxf6 30. Qxe5 Qxe5 31. Rxe5 Be6 32. Re4 Bd5 33. Ree1 Bd6 34. Rb1 Bc4 35. Bc1 c5 36. Bd2 Rd8 37. bxc5 Bxc5 38. Bh6 Be6 39. Rec1 Bc4 40. Re1 Be6 41. Re5 Bd4 42. Re2 Bc3 43. Kh2 Bxa5 44. Ra1 Bc7+ 45. g3 a5 46. Rc2 Bc4 47. Re1 a4 48. Rd2 Ra8 49. Rd7 Bb6 50. Rde7 Be6 51. Re5 a3 52. R5xe6 fxe6 53. Rg7+ Kh8 54. Rb7 Bd4 55. Rd7 Bb2 0-1